[Event "Budapest FS06 GM"]
[Site "Budapest"]
[Date "1995.??.??"]
[Round "11"]
[White "Dao, Thien Hai"]
[Black "Farago, Sandor"]
[Result "1-0"]
[WhiteElo "2480"]
[BlackElo "2360"]
[Annotator "Ftacnik,L"]
[PlyCount "69"]
[EventDate "1995.06.??"]
[EventType "tourn"]
[EventRounds "11"]
[EventCountry "HUN"]
[EventCategory "9"]
[SourceTitle "CBM 049"]
[Source "ChessBase"]
[SourceDate "1995.12.01"]
[SourceVersion "1"]
[SourceVersionDate "1995.12.01"]
[SourceQuality "1"]

1. d4 d5 2. c4 e6 3. Nc3 c6 4. e3 Nf6 5. Nf3 Nbd7 6. Qc2 Bd6 7. g4 h6 8. h3 (8.
Rg1) (8. Bd2 Qe7 (8... Nxg4 9. Rg1 Nxh2 10. Nxh2 Bxh2 11. Rxg7 Qf6 12. Rg2 Bd6
13. O-O-O $44) 9. h3 (9. cxd5 $5 exd5 (9... cxd5 10. Nb5) 10. Bd3 c5 (10...
Nxg4 11. Rg1 Nxh2 12. Nxh2 Bxh2 13. Rxg7 $44) 11. O-O-O c4 12. Be2 $14 {
Djurhuus,R-Gronn,A/Norge (ch)/1993/}) (9. Be2 dxc4) (9. Rg1 dxc4 10. Bxc4 e5
11. g5 hxg5 12. Nxg5 Rf8 13. O-O-O Nb6 14. Bb3 Bd7 15. f4 e4 16. Ncxe4 Nxe4 17.
Nxe4 g6 18. Nxd6+ Qxd6 19. Qe4+ Kd8 20. Qe5 Qxe5 21. fxe5 {1-0 Kjeldsen,
J-Grotnes,N/Odense (02) 1993 (51)}) (9. O-O-O Nxg4 10. Be1 Ngf6 11. Rg1 g6 12.
e4 Bf4+ 13. Kb1 dxe4 14. Nxe4 e5 15. Nxf6+ Qxf6 16. Bc3 O-O 17. Bd3 g5 18. Rde1
Re8 19. dxe5 Nxe5 20. Nxe5 Rxe5 21. Bxe5 Bxe5 22. f4 Bxf4 23. Re8+ Kg7 24. h4 {
1-0 Pein,M-Kraidman,Y/Tel Aviv-B (04) 1992 (42)}) 9... b6 $5 (9... a6 10. e4 $8
(10. O-O-O dxc4 11. Bxc4 b5 12. Bd3 c5 $17) (10. c5 Bc7 11. O-O-O e5 12. Nh4 $1
$14) 10... dxe4 11. Nxe4 Nxe4 12. Qxe4 c5 (12... e5 $10) 13. Bg2 cxd4 14. Nxd4
Nc5 15. Qe2 (15. Qe3 Bf4 $15) 15... O-O (15... Qf6 $1 $15) 16. O-O $10 {
0-1 Bareev,E-Kamsky,G/Groningen 60/422 1993 (63)}) (9... dxc4 10. Bxc4 b5 $13)
(9... e5 10. cxd5 Nxd5 (10... cxd5 11. Nb5 e4 12. Rc1 O-O 13. Nh4 Nb6 14. Qb3
$13) 11. O-O-O $1 $14 {Hazai,L; Lukacs,P} (11. Nxd5 cxd5 12. dxe5 Nxe5 13. Nxe5
Bxe5 14. Bg2 $13 {Pein,M})) 10. cxd5 Nxd5 (10... cxd5 $6 11. Nb5 Bb7 12. Rc1
O-O 13. Nxd6 Qxd6 14. Qc7 $16) (10... exd5 $5 11. O-O-O Bb7 12. Bd3 c5 $13) 11.
Ne4 Bb7 12. Nxd6+ Qxd6 13. e4 Nf4 $5 (13... Ne7 14. O-O-O $16) (13... Nb4 $5
14. Qb3 c5 15. dxc5 bxc5 16. a3 Bxe4 17. axb4 O-O $13) 14. O-O-O (14. e5 $2 Qd5
) 14... O-O-O 15. g5 $5 Qc7 (15... hxg5 $6 16. Nxg5 Rhf8 17. Kb1 Qc7 18. Rg1
$16) 16. gxh6 gxh6 17. Kb1 (17. Rg1 $5) (17. Be3 $13 {/\ Nd2}) 17... Nf6 $1 {
Lutz,Ch-Yusupov,A/Muenchen/1994/}) 8... a6 (8... e5 9. cxd5 cxd5 10. dxe5 (10.
Nb5 $2 Bb8 11. dxe5 Nxe5 12. Nbd4 Ne4 $15) 10... Nxe5 11. Nxe5 Bxe5 12. Bd2 O-O
13. Bg2 Be6 (13... d4 $5 14. exd4 Bxd4 15. O-O-O $1 Qc7 $6 16. Nb5 $1 Qxc2+ 17.
Kxc2 {/\} Bxf2 18. Bb4 $16) 14. f4 $1 Bxc3 (14... Bd6 15. Qd3 $16) 15. Bxc3 Ne4
16. O-O (16. Bxe4 $2 dxe4 17. Qxe4 Qh4+ $36) 16... Nxc3 $6 (16... f5 17. Bxe4
dxe4 18. Qg2 Qe7 19. Qg3 Qf7 20. Rf2 Rad8 21. Rg2 {1-0 Chabanon,JL-Relange,E/
Paris (03) 1994 (33)}) 17. Qxc3 f6 18. Rad1 Re8 19. Qb3 Qb6 20. Qxb6 $1 axb6
21. a3 $16 {Wojtkiewicz,A-Khalifman,A/Rakvere/1993/1-0 (61)}) (8... O-O 9. g5
$36) 9. Rg1 dxc4 10. e4 (10. Bxc4 b5 11. Bd3 Bb7) 10... e5 (10... Bb4 11. Bxc4
$16) 11. g5 hxg5 12. Bxg5 b5 (12... c5 $5 13. dxe5 Nxe5 14. Nxe5 Bxe5 15. Rd1
Bd4 16. Be3 g6 17. Bxc4 Bxh3 $13) 13. O-O-O Qc7 (13... Qe7 $5 14. Be3 g6 15.
dxe5 Nxe5 16. Ng5 $36) 14. Be3 g6 (14... exd4 $5 15. Nxd4 (15. Bxd4 c5 $13)
15... g6) 15. dxe5 Nxe5 16. Ng5 $1 Bb7 (16... Nh7 $5 17. f4 Nd3+ 18. Bxd3 cxd3
19. Qxd3 (19. Qf2 Nxg5 20. Rxg5 Bxh3 21. Rxd3) 19... Bxf4 20. Bxf4 Qxf4+ 21.
Kb1 O-O $13) 17. f4 Nd3+ 18. Bxd3 cxd3 19. Rxd3 Bxf4 20. Bxf4 Qxf4+ 21. Kb1 Qe5
$2 (21... c5 22. Nd5 Nxd5 23. exd5 O-O 24. Qxc5 $14) 22. Qf2 Ke7 (22... c5 23.
Nxf7 Kxf7 24. Rd7+ Ke8 25. Rxb7 $40) 23. Nf3 (23. Nxf7 $5) 23... Qc7 (23... Qf4
24. e5 Nd7 25. Rgd1 $40) 24. Qc5+ Ke8 (24... Ke6 $2 25. Ng5#) 25. e5 Nd7 26.
Qe3 Nf8 (26... Rd8 27. e6 $18) 27. Ne4 Ne6 (27... Nh7 28. Qc5 $18) 28. Nf6+ Kf8
29. Rd7 Qb8 30. Ng5 Nxg5 (30... Nd8 31. Ngh7+ Kg7 32. Rxg6+ $1 Kxg6 33. Qg5#)
31. Qxg5 Ra7 (31... Bc8 32. Qh6+ $1 Rxh6 33. Rd8+ Ke7 34. Re8#) 32. e6 $1 Ba8 (
32... fxe6 33. Qc5+) 33. e7+ Kg7 34. e8=Q Rxe8 (34... Rxd7 35. Qxg6+ fxg6 36.
Rxg6#) (34... Qxe8 35. Qxg6+ Kf8 36. Qg7#) 35. Qxg6+ 1-0

[Event "Bundesliga 0506"]
[Site "Germany"]
[Date "2005.12.11"]
[Round "6.3"]
[White "Rustemov, Alexander"]
[Black "Acs, Peter"]
[Result "1-0"]
[WhiteElo "2564"]
[BlackElo "2518"]
[Annotator "Ftacnik,L"]
[PlyCount "79"]
[EventDate "2005.10.21"]
[EventType "team-tourn"]
[EventRounds "15"]
[EventCountry "GER"]
[SourceTitle "CBM 111"]
[Source "ChessBase"]
[SourceDate "2006.04.04"]
[SourceVersion "1"]
[SourceVersionDate "2006.04.04"]
[SourceQuality "1"]
[WhiteTeam "Wattenscheid"]
[BlackTeam "Eppingen"]
[WhiteTeamCountry "GER"]
[BlackTeamCountry "GER"]

1. d4 d5 2. c4 c6 3. Nc3 Nf6 4. e3 e6 5. Nf3 Nbd7 6. Qc2 Bd6 7. b3 O-O 8. Be2
dxc4 9. bxc4 e5 10. O-O Re8 11. Rd1 Qe7 12. Rb1 b6 13. h3 (13. a4 e4 (13... Rb8
14. a5 bxa5 15. Rxb8 Bxb8 16. Qa2 Bc7 17. Ba3 Qe6 18. d5 cxd5 19. cxd5 Qf5 20.
Nb5 Bb8 21. d6 $11 {1-0 Ward,C (2460)-Muir,A (2360)/Dundee 1993/TD (36)}) 14.
Nd2 Nf8 (14... c5 15. Nb5 Bb8 16. Ba3 a6 17. Nc3 Bd6 18. dxc5 bxc5 19. Ndxe4
Nxe4 20. Nxe4 Bxh2+ 21. Kxh2 Qh4+ 22. Kg1 Rxe4 23. Qd3 Ra7 24. Rb8 $11 {
1-0 Gagunashvili,M (2580)-Bodicker,R (2124)/Vlissingen 2004/}) (14... a5 15.
Nf1 Ba6 16. Bd2 h5 17. Be1 Bb4 18. h3 Rac8 19. Rdc1 g6 20. Qd1 Qe6 21. Na2 c5
22. d5 Qd6 $11 {1-0 Bischoff,K (2559)-Berkes,F (2614)/Budapest 2004/ (37)}) 15.
a5 (15. Nf1 h5 16. a5 Bc7 17. Qb3 h4 18. Ba3 Qd7 19. d5 c5 20. Qb5 Be5 {
1/2-1/2 Gottschlich,C (2225)-Naumann,A (2380)/Apolda 1997/}) 15... Ng6 16. Nf1
Nh4 17. Ng3 bxa5 18. c5 Bc7 19. Qa4 Bd7 20. Rb7 Rac8 21. Bd2 Qe6 22. Qc4 $14 {
1-0 Bischoff,K (2510)-Schlemermeyer,W (2335)/Germany 1992/GER-chT (29)}) 13...
e4 14. Nd2 c5 15. Nf1 {In this liine white has to worry about the consequence
of the swap on d4 with advance of the black pawn to e3.} (15. Nb5 cxd4 $1 (
15... Bb8 $6 16. Ba3 a6 17. Nc3 Bd6 18. dxc5 Bxc5 19. Bxc5 bxc5) 16. Nxd6 (16.
exd4 e3 17. fxe3 Qxe3+ 18. Kh1 Qxe2 19. Nxd6 Re6 $17) 16... Qxd6 17. exd4 Qxd4
18. Nf3 Qc5 19. Be3 Qf5 (19... Qc7 20. Nd4 Ba6 $15) 20. Nd4 Qg6 21. Nb5 Nc5 $15
) 15... a6 16. a4 Rb8 17. Ba3 Bb7 {Acs has solved on all the opening's
problems, white has no logical way of getting advantage.} (17... Qe6 18. a5
bxa5 19. dxc5 $14) 18. a5 bxa5 19. Qa4 Bc7 20. Rb2 (20. Qc2 Bd6 $11) 20... Ba8
21. Rbd2 (21. Rdb1 Rxb2 22. Rxb2 Qe6 23. Qc2 (23. dxc5 Bc6 24. Qc2 Rd8 $17)
23... Bd6 24. Qa4 $11) 21... Nb6 22. Qc2 Bd6 23. Na4 (23. Ng3 Bxg3 24. fxg3 Qc7
25. dxc5 Nbd7 26. c6 Bxc6 27. Bd6 Qb6 28. Bxb8 Qxe3+ 29. Kh2 Rxb8 $13) 23...
Nxa4 24. Qxa4 Qc7 25. Bb2 (25. Bxc5 Bxc5 26. dxc5 Qxc5 27. Rd6 Rb4 28. Qa1 $11)
25... cxd4 26. exd4 (26. Bxd4 Bb4 27. Rc2 Bc6 28. Qa1 Re6 $15) 26... Bb4 27.
Ne3 (27. Rc2 Bc6 28. Qa1 Qd7 29. Rdc1 Ba4 $15) 27... Bxd2 28. Rxd2 Rb4 29. Qa1
Reb8 30. Bf1 Qb6 (30... Nd7 31. Bc3 Rb1 32. Qxa5 Qxa5 33. Bxa5 Kf8 $17) 31. Bc3
Rb1 32. Qa2 Nh5 $6 {Acs was a tragic figure of the match, since he got
optically very good position with a spare exchange. Unfortunatelly for him it
was anything but easy to improve his advantage and the knight move 32...Nh5?!
combined with reckless dancing of the pieces in the center has swiftly turned
the tables.} (32... Nd7 33. Bxa5 Qf6 34. Bc3 R1b3 35. Ba1 $15) (32... a4 33.
Qxa4 Bc6 34. Qa2 Rb3 35. Qa1 $15) 33. Bxa5 Qd6 $2 (33... Qc6 34. d5 Qd6 35. c5
Qxc5 36. d6) (33... Qa7 $1 34. Bc3 Nf4 $15) 34. c5 Qc6 35. d5 $1 Qxc5 36. d6
Bc6 $2 {Black has made too many mistakes for comfort, his position collapses
completely. Please note the tragic location of the knight on h5.} (36... Nf4
37. d7 Ne6 38. d8=Q+ Nxd8 39. Bxd8 $14) 37. d7 Bxd7 38. Rxd7 Qf8 39. Bc7 R1b7 (
39... Nf6 40. Rd2 R8b7 41. Rd8 Ne8 42. Qa4 $18) (39... R8b2 40. Qxa6 $18) 40.
Bc4 1-0

[Event "Tilburg"]
[Site "Tilburg"]
[Date "1993.??.??"]
[Round "3"]
[White "Akopian, Vladimir Eduardovic"]
[Black "Georgiev, Kiril"]
[Result "0-1"]
[WhiteElo "2600"]
[BlackElo "2660"]
[Annotator "Ftacnik,L"]
[PlyCount "94"]
[EventDate "1993.11.??"]
[EventType "k.o."]
[EventRounds "7"]
[EventCountry "NED"]
[SourceTitle "CBM 039"]
[Source "ChessBase"]
[SourceDate "1994.04.01"]
[SourceVersion "1"]
[SourceVersionDate "1994.04.01"]
[SourceQuality "1"]

1. d4 d5 2. Nf3 Nf6 3. c4 c6 4. Nc3 e6 5. e3 Nbd7 6. Qc2 Bd6 7. g4 dxc4 8. Bxc4
(8. g5 Nd5 9. Bxc4 O-O (9... Nxc3 10. bxc3 e5) (9... N5b6 10. Bd3 Qe7) (9...
Qe7 10. Bd2 N7b6 11. Be2) (9... b5 10. Be2 Nxc3 11. bxc3) 10. e4 N5b6 11. Be2
e5 12. Be3) 8... b6 $5 $146 (8... b5 9. Bd3 (9. Be2 b4 10. Na4 Bb7 11. g5 Nd5
12. Nc5 (12. Bd2 c5 13. Nxc5 Bxc5 14. dxc5 Rc8 15. e4 Ne7 16. Bxb4 Nc6 17. Ba3
$16 {Krasenkov,M-Heyken,E/Deutschland/1992/}) 12... Bxc5 13. dxc5 Qa5 14. e4
Ne7 15. Be3 Ba6 16. Bxa6 Qxa6 17. Qe2 Qxe2+ 18. Kxe2 f5 19. gxf6 gxf6 20. Rad1
f5 21. Ng5 fxe4 22. Rd6 Nf8 23. Nxe4 e5 24. f4 $16 {Malaniuk,V-Serper,G/Luzern
WchT/1993/0.5 (61)}) 9... Bb7 10. g5 Nd5 (10... Nh5 11. Ne4 Be7 12. Bd2 g6 13.
Ke2 O-O 14. b4 Re8 15. a4 Bf8 16. axb5 cxb5 17. Bxb5 a6 18. Bd3 e5 19. dxe5
Nxe5 20. Nxe5 Rxe5 21. Bc3 Re6 22. Rhd1 Qc7 23. Rac1 Rae8 24. Ng3 $13 {
Wojtkiewicz,A-Urban,K/POL-chT Lubniewice/1993/0.5 (27)}) 11. Ne4 Be7 12. Bd2
Qb6 13. Rc1 Nb4 14. Bxb4 Bxb4+ 15. Ke2 c5 16. a3 c4 17. axb4 Bd5 18. Nfd2 O-O
19. Rhg1 e5 20. dxe5 Rad8 21. Nf6+ Nxf6 22. Bf5 Nh5 23. Bxh7+ Kh8 24. Bf5 $16 {
Shirov,A-Akopian,V/Biel izt (05)/1993/1-0 (41)}) (8... e5 9. g5 Nd5 10. Bd2
exd4 11. Qe4+ (11. Nxd5 cxd5 12. Bxd5 dxe3 13. fxe3 $6 (13. Qe4+ $13) (13. Bc3
$5 $13) 13... Nb6 14. Bb3 Be6 $6 15. Bxe6 fxe6 16. Qb3 Qe7 17. Nd4 Qxg5 18.
Qxe6+ Qe7 19. Rf1 $1 Rf8 $1 20. Ke2 $10 {Krasenkov,M-Dokhoian,Y/Deutschland/
1993/0.5 (27)}) 11... Ne7 12. Qxd4 Nf5 13. Qe4+ Ne7 14. Qc2 Nb6 15. Be2 Bf5 16.
Ne4 Bc7 17. Nd4 Bg6 18. h4 h5 19. Bd3 Qd5 20. O-O-O Qxa2 21. Nb3 O-O-O 22. f3
Na4 23. Nd4 c5 24. Bb5 $13 {Malaniuk,V-Ivanovic,B/JUG-chT Cetinje/1993/0-1 (51)
}) 9. g5 Nd5 10. Ne4 Be7 11. Bd2 Bb7 12. Rg1 c5 13. Ne5 a6 $1 14. Nxd7 Qxd7 15.
dxc5 Rc8 16. Qd3 bxc5 $1 17. O-O-O Qc6 18. f3 O-O 19. Qc2 (19. Bc3 Rfd8) 19...
Rfd8 20. Kb1 a5 21. h4 (21. Bxa5 Nxe3) 21... Ba6 $1 22. Bxa6 Qxa6 23. h5 Qe2
24. g6 fxg6 25. hxg6 h6 26. Ng3 Qb5 27. e4 Nb4 28. Bxb4 axb4 $40 29. Rxd8+ Rxd8
30. Ne2 c4 31. Rd1 Ra8 32. Nd4 Qa6 33. b3 c3 34. f4 e5 35. fxe5 Qxg6 36. Nf5
Qe6 37. Qd3 Kh8 38. Rg1 Qxe5 39. Qc2 Bg5 40. Rd1 Bd2 41. Qd3 Rc8 42. Kc2 Bg5
43. Qe2 Qa5 44. a4 bxa3 45. Nd6 Rf8 46. Rf1 Rxf1 47. Qxf1 a2 0-1

[Event "Copenhagen Open-04 (Politiken Cup-03)"]
[Site "Copenhagen"]
[Date "1982.06.??"]
[Round "9"]
[White "Velikov, Petar"]
[Black "Pliester, Leon"]
[Result "0-1"]
[WhiteElo "2470"]
[BlackElo "2315"]
[Annotator "Ftacnik,L"]
[PlyCount "42"]
[EventDate "1982.06.??"]
[EventType "swiss"]
[EventRounds "10"]
[EventCountry "DEN"]
[SourceTitle "EXT 2000"]
[Source "ChessBase"]
[SourceDate "1999.11.16"]
[SourceVersion "1"]
[SourceVersionDate "1999.11.16"]
[SourceQuality "1"]

1. d4 d5 2. c4 e6 3. Nc3 c6 4. e3 Nf6 5. Nf3 Nbd7 6. Qc2 Bd6 7. b3 O-O 8. Be2
dxc4 9. bxc4 e5 10. Bb2 Re8 11. O-O Qe7 12. Rae1 b6 13. dxe5 $2 Nxe5 14. Nd4
Neg4 15. h3 $2 Nxe3 16. fxe3 Qxe3+ 17. Rf2 (17. Kh1 Bxh3 18. Nf3 Qh6) 17...
Qxd4 18. Nd5 Bh2+ 19. Kxh2 (19. Kf1 Ne4) 19... Qxf2 20. Nxf6+ gxf6 21. Qc1 Re3
0-1

[Event "Hoogovens op"]
[Site "Wijk aan Zee"]
[Date "1993.01.??"]
[Round "6"]
[White "Hansen, Curt"]
[Black "Hansen, Lars Bo"]
[Result "0-1"]
[WhiteElo "2610"]
[BlackElo "2545"]
[Annotator "Ftacnik,L"]
[PlyCount "108"]
[EventDate "1993.01.??"]
[EventType "swiss"]
[EventRounds "12"]
[EventCountry "NED"]
[SourceTitle "CBM 034"]
[Source "ChessBase"]
[SourceDate "1993.06.01"]
[SourceVersion "1"]
[SourceVersionDate "1993.06.01"]
[SourceQuality "1"]

1. d4 d5 2. c4 c6 3. Nc3 Nf6 4. e3 e6 5. Nf3 Nbd7 6. Qc2 Bd6 7. Be2 O-O 8. O-O
e5 9. cxd5 cxd5 10. Nb5 Bb8 11. dxe5 Nxe5 12. Bd2 Bg4 13. Nbd4 Qd6 $5 $146 14.
Nxe5 Bxe2 15. Nxe2 Qxe5 16. g3 Ne4 (16... Qh5 17. f3 $14) 17. Rad1 a6 18. Qb3
$5 (18. Bb4 Rd8 19. Ba5 Re8 20. Nf4 (20. Bb6 $5) 20... d4 $5 21. Rxd4 Qxa5 22.
Rxe4 Bxf4 $1 23. Rxf4 Qxa2 $10) (18. Bc3 $1 Qh5 19. Qd3 $1 (19. f3 Ng5 20. Kg2
Ne6 21. Qb3 Rd8 22. Qxb7 Ba7 23. Ba5 Rdb8 24. Qxd5 Qxd5 25. Rxd5 Rxb2 26. Rd2
Rab8 $132) 19... Re8 (19... Ng5 20. Qxd5 Nf3+ 21. Kg2 $16) 20. Qxd5 (20. f3
Nxc3 21. Nxc3 d4 22. exd4 Ba7 $14) 20... Qxe2 21. Qxe4 $1 Bxg3 22. Qxb7 Rab8 (
22... Bxf2+ 23. Kh1 {/\Qg2}) 23. Qg2 Be5 $14) 18... Qh5 19. Nc3 (19. Nf4 Bxf4
20. exf4 Nc5 $10) 19... Nf6 $1 (19... Ng5 20. Qxd5 $16) 20. Be1 Rd8 (20... Qh3
21. f3) 21. Qxb7 Ba7 22. Kg2 Bxe3 $1 23. Bd2 $1 (23. fxe3 Ng4 24. Nxd5 Qxh2+
25. Kf3 Ne5+ $40) 23... Rab8 24. Qxa6 Bc5 25. h4 $6 (25. h3 $142) 25... d4 26.
Na4 Qd5+ 27. Kg1 Bd6 28. Qd3 (28. b3 $2 Qf3 $1) 28... Qxa2 29. Ra1 Qd5 30. Bg5
Rb3 31. Nc3 $1 dxc3 (31... Qc5 $6 32. Bxf6 gxf6 33. Qd1 $13) 32. Qxd5 Nxd5 33.
Bxd8 cxb2 34. Rad1 (34. Ra8 $2 b1=Q 35. Bc7+ Bf8 36. Bd6 Rxg3+ $3 37. Kh2 Rh3+
$19) 34... Rb5 35. Bg5 Bb4 $1 36. Kg2 $2 (36. Rb1 Ba5 (36... Ba3 37. Bd2) 37.
Bc1 $1 $8 bxc1=Q 38. Rfxc1 Rxb1 39. Rxb1 Bb4 $15) 36... h6 37. Be3 Nc3 38. Rde1
Ba3 39. Rb1 Nxb1 40. Rxb1 Rb3 41. Bd4 Rd3 (41... h5 $1 42. Kf1 Rd3 $19) 42.
Bxb2 $8 (42. Be3 Rc3 {/\Rc1}) 42... Rb3 43. Bxa3 Rxb1 44. h5 Rb5 45. g4 f5 46.
f3 Kf7 47. Bd6 Ke6 48. Bf8 Rb7 49. Kg3 Ke5 50. Bc5 fxg4 51. fxg4 Rb3+ 52. Kh4
Kf4 53. Bd4 Rb1 54. Kh3 Rh1+ (54... Rh1+ 55. Kg2 Rh4 $19) 0-1

[Event "Hoogovens"]
[Site "Wijk aan Zee"]
[Date "1993.01.??"]
[Round "5"]
[White "Karpov, Anatoly"]
[Black "Illescas Cordoba, Miguel"]
[Result "1-0"]
[WhiteElo "2725"]
[BlackElo "2615"]
[Annotator "Ftacnik,L"]
[PlyCount "121"]
[EventDate "1993.01.??"]
[EventType "k.o."]
[EventRounds "5"]
[EventCountry "NED"]
[SourceTitle "CBM 034"]
[Source "ChessBase"]
[SourceDate "1993.06.01"]
[SourceVersion "1"]
[SourceVersionDate "1993.06.01"]
[SourceQuality "1"]

1. d4 d5 2. c4 c6 3. Nf3 Nf6 4. Nc3 e6 5. e3 Nbd7 6. Qc2 Bd6 7. Be2 O-O 8. O-O
Re8 9. Rd1 Qe7 10. h3 h6 $146 (10... b6) 11. a3 a6 12. b3 (12. e4 dxe4 13. Nxe4
Nxe4 14. Qxe4 e5 15. dxe5 Nxe5 16. Nxe5 Qxe5 $15) 12... dxc4 13. bxc4 (13. Bxc4
b5 14. Bf1 e5 $10) 13... e5 14. Nh4 Nf8 15. Nf5 Bxf5 16. Qxf5 exd4 (16... e4
17. h4 $1 g6 18. Qh3 $14) 17. exd4 c5 18. Be3 cxd4 (18... Ne6 19. dxc5 (19. d5
Nd4 20. Qd3 Qe5 21. g3 $14) 19... Bxc5 20. Nd5 Nxd5 21. cxd5 Bxe3 22. dxe6 fxe6
23. Bc4 $14) 19. Bxd4 Be5 20. Bxe5 (20. Bf3 Bxd4 21. Rxd4 Ne6 22. Rd2 Nc5 $14)
20... Qxe5 21. Qxe5 Rxe5 22. Rab1 $1 Rb8 (22... b5 23. cxb5 Rc8 (23... axb5 24.
Rxb5 $1 $16) 24. Rd3 axb5 (24... Rxc3 $6 25. Rxc3 Rxe2 26. bxa6 Re8 27. a7 $18)
25. Rxb5 $16) 23. Bf3 Rc5 (23... b5 24. cxb5 axb5 25. Be2 $1 $16) (23... Rc8
24. Rxb7 Rxc4 25. Nd5 $16) (23... b6 $5) 24. Bxb7 $1 Ne6 (24... Rxc4 25. Bxa6
Rxb1 26. Bxc4 $16) 25. Nd5 $1 (25. Bxa6 Rxb1 26. Rxb1 Ra5 $14) 25... a5 (25...
Rxc4 26. Bxa6 Rxb1 27. Rxb1 Ra4 $140 $2 28. Rb8+ Kh7 29. Bd3+ $18) 26. Ne3 g6
27. g3 Rc7 28. Bg2 Rxb1 29. Rxb1 Nd4 $6 (29... Nd7 30. Rb5 Ra7 $16) 30. Rb6 Nd7
(30... Kg7 31. Rxf6 Kxf6 32. Nd5+ $18) 31. Rd6 Ne2+ (31... Ne6 32. Nd5 Ra7 33.
Rxd7 $18) 32. Kf1 Nc3 33. Ra6 a4 34. Bc6 Ne5 (34... Nb8 35. Ra8 Rxc6 36. Rxb8+
Kg7 37. Rb4) 35. Nd5 Rxc6 (35... Nxd5 36. cxd5 Nxc6 37. dxc6 Kf8 38. Ke2 Ke7
39. Kd3 Kd6 40. Kc4 $18) 36. Ne7+ Kg7 37. Nxc6 Nxc4 38. Ra7 (38. Nd4 $142 Nxa3
39. Ne2 $18) 38... Nxa3 39. Nd4 Kf6 40. f4 $6 (40. Ne2 $18) 40... h5 41. Kf2
Nc4 42. Rc7 Nd2 43. Kg2 Nd5 44. Ra7 Nc3 45. Ra6+ Kg7 $1 (45... Ke7 46. f5 $18)
46. Nf3 Nc4 47. Ne5 Ne3+ 48. Kf3 Nc2 49. Nc4 Kf8 50. Ra7 Kg7 51. Ra6 Kf8 52. g4
hxg4+ 53. Kxg4 Kg7 54. f5 Kh6 $2 (54... gxf5+ 55. Kxf5 $16) 55. f6 Nb4 56. Ra8
Kh7 57. Rf8 Nbd5 58. Rxf7+ Kh6 59. Rf8 Kh7 60. Rf7+ Kg8 61. Ne5 1-0

[Event "New York Hudson"]
[Site "New York"]
[Date "1993.??.??"]
[Round "3"]
[White "Shabalov, Alexander"]
[Black "Kaidanov, Gregory S"]
[Result "1/2-1/2"]
[WhiteElo "2575"]
[BlackElo "2620"]
[Annotator "Ftacnik,L"]
[PlyCount "46"]
[EventDate "1993.??.??"]
[EventType "tourn"]
[EventRounds "9"]
[EventCountry "USA"]
[EventCategory "13"]
[SourceTitle "CBM 035"]
[Source "ChessBase"]
[SourceDate "1993.08.01"]
[SourceVersion "1"]
[SourceVersionDate "1993.08.01"]
[SourceQuality "1"]

1. d4 d5 2. c4 e6 3. Nf3 Nf6 4. Nc3 c6 5. e3 Nbd7 6. Qc2 a6 7. b3 Bd6 8. Be2 e5
9. cxd5 cxd5 10. dxe5 Nxe5 11. Bb2 O-O 12. Rd1 $6 (12. O-O {/\ Rfd1,Rac1})
12... Be6 13. O-O Rc8 $2 (13... Qe7 {/\ Rad8,Rfe8}) 14. Qd2 $2 (14. Qb1 Nfg4 (
14... Nc6 15. Qa1 {/\ Na4}) 15. g3 $1) 14... Qc7 15. h3 Rfd8 $6 (15... Nc6 16.
Rc1 Qd7 $5 {/\ Bh3}) 16. Rc1 Nc6 17. Qd3 Qe7 (17... Qd7 18. Na4 Bf5 19. Qd1
Bxh3 20. Nb6 Qg4 21. Ne1 Qh4 22. Bxf6 gxf6 23. f4 $5 (23. Nxc8 $2 Bxg2 $1)
23... Ba3 24. Rc2 Bf5 25. Nxc8 Bxc2 26. Nxc2 Bc5 27. b4 $1 $16) 18. Rfd1 Bb8
19. Na4 Ne4 20. Nb6 Rc7 21. Na8 Rcc8 22. Nb6 Rc7 23. Na8 Rcc8 1/2-1/2

[Event "Bonn GSK"]
[Site "Bonn"]
[Date "1994.??.??"]
[Round "4"]
[White "Dokhoian, Yury"]
[Black "Shabalov, Alexander"]
[Result "1-0"]
[WhiteElo "2570"]
[BlackElo "2590"]
[Annotator "Ftacnik,L"]
[PlyCount "59"]
[EventDate "1994.??.??"]
[EventType "tourn"]
[EventRounds "9"]
[EventCountry "GER"]
[EventCategory "12"]
[SourceTitle "CBM 040"]
[Source "ChessBase"]
[SourceDate "1994.06.01"]
[SourceVersion "1"]
[SourceVersionDate "1994.06.01"]
[SourceQuality "1"]

1. d4 {von Gleich} d5 2. Nf3 Nf6 3. c4 c6 4. Nc3 e6 5. e3 Nbd7 6. Bd2 (6. Bd3)
(6. Qc2 Bd6 7. Be2 O-O 8. O-O) 6... a6 $5 7. Qc2 b5 8. b3 Bd6 9. e4 (9. cxd5
cxd5 10. Bd3 Bb7 11. O-O Rc8 $10) 9... e5 $1 (9... b4 10. e5 bxc3 11. Bxc3 Bc7
12. exf6 Qxf6 13. Bd3 $16) (9... dxe4 10. Nxe4 Nxe4 11. Qxe4 Bb7 12. c5 Nf6 13.
Qc2 Bc7 14. Bd3 $16) 10. cxd5 cxd5 11. Nxd5 Bb7 $2 (11... Nxd5 12. Qc6 $5 (12.
exd5 Bb7 13. dxe5 Nxe5 14. Qe4 O-O $1 $17) 12... Nb4 13. Qxa8 (13. Qxd6 Nc2+
14. Kd1 Nxa1 15. dxe5 Bb7 16. Qd4 Nxb3 17. axb3 O-O $17) 13... Nc2+ (13... Nb6
{von Gleich} 14. Qa7 Nc6 (14... Nc2+ 15. Kd1 Nxa1 16. Bc3 Nxb3 17. axb3 exd4)
15. Bg5 $1 Nxa7 16. Bxd8 Kxd8) 14. Kd1 Nxa1 15. Qc6 Ba3 16. Nxe5 O-O 17. Nf3 $1
(17. Nxd7 Bxd7 18. Qc3 Qh4 19. f3 (19. Qxa1 Qxf2 $17) 19... Rc8 20. Qxa1 Qf2
21. d5 (21. h4 Bh3) 21... Bh3 $1 $17) 17... Nf6 18. Bd3 $13) 12. Nxf6+ Qxf6 13.
d5 Rc8 14. Qb1 $1 g5 $5 15. h3 (15. Bxg5 Bb4+ (15... Qg6 {von Gleich} 16. Rg1
Nc5 17. Bd3 Bxd5 18. Nd2) 16. Bd2 Bxd2+ 17. Nxd2 Rg8 $132) (15. Nxg5 Rg8 16.
Nh3 $5 {xf2}) 15... Rg8 16. Bd3 h5 (16... g4 {von Gleich} 17. hxg4 Rxg4 18. Kf1
Qg7 19. Nh4 $16) 17. Ke2 $1 Bc5 $6 (17... Nc5 18. Be3 b4 19. Rc1 g4 20. hxg4
Rxg4 21. g3 Bxd5 22. Bxc5 Rxc5 23. Rxc5 Bxc5 24. Qc2 $1 (24. exd5 e4 25. Bxe4
Qe7 26. Nd2 Bd4 $1 $13) 24... Bb6 25. exd5 e4 26. Bxe4 Qxa1 27. Bf5 Qc3 28.
Qxc3 bxc3 29. Bxg4 c2 30. Kd2 hxg4 31. Nh4 c1=Q+ 32. Kxc1 Bxf2 33. Nf5 $16) 18.
Qe1 $1 g4 19. hxg4 Rxg4 20. Kf1 Ke7 21. Rc1 Rcg8 22. Rxc5 $1 Nxc5 (22... Rxg2
23. Qe3 Nxc5 24. Qxc5+ $18) 23. Bb4 Kd6 (23... Rc8 24. Qc3 Qd6 25. Rxh5 a5 26.
Bxc5 (26. Qxe5+ {von Gleich} Qxe5 27. Rxe5+ Kd6 28. Bxc5+ Kxc5 $16) 26... Rxc5
27. Qd2 $40 {/\ Ne5}) 24. Bxc5+ Kxc5 25. Qe3+ Kb4 (25... Kd6 26. Qb6+ Ke7 27.
Qxb7+ $18) 26. a3+ Kxa3 (26... Ka5 27. b4+ Ka4 28. Bc2#) (26... Kxb3 27. Bb1+
Kb2 28. Qd2+ Kxa3 29. Qc3+ Ka4 30. Bc2#) 27. Qc5+ Kb2 28. Ke2 Rc8 29. Rb1+ Ka2
30. Ra1+ (30. Ra1+ Kb2 31. Qa3+ Kc3 32. b4#) 1-0